Guess the Taylor Swift Song (Fearless TV) 26 - Statistics

General Stats
  • This quiz has been taken 6 times
  • The average score is 273 of 300
Answer Stats
Answer % Correct
a
100%
aint
100%
angel
100%
are
100%
around.
100%
be
100%
before
100%
believed
100%
catch
100%
chance.
100%
come
100%
comes
100%
down.
100%
dreamer
100%
face
100%
find
100%
for
100%
gonna
100%
honestly
100%
horse
100%
horse,
100%
I
100%
i
100%
im
100%
Im
100%
In
100%
in
100%
it
100%
its
100%
Its
100%
just
100%
Just
100%
late
100%
let
100%
like
100%
love,
100%
me
100%
me,
100%
My
100%
my
100%
naive,
100%
need
100%
never
100%
not
100%
Now
100%
now
100%
now,
100%
now.
100%
of
100%
on
100%
princess,
100%
say
100%
small
100%
so
100%
someday,
100%
someone
100%
sorry
100%
sorry.
100%
stairwell.
100%
that
100%
That
100%
the
100%
this
100%
This
100%
to.
100%
to
100%
To
100%
too
100%
town
100%
town,
100%
was
100%
went
100%
when
100%
white
100%
Who
100%
You
100%
you
100%
you.
100%
your
100%
about
80%
actually
80%
all
80%
always
80%
and
80%
And
80%
As
80%
Beggin'
80%
big
80%
But
80%
days
80%
didnt
80%
disappearing
80%
drag
80%
dreams
80%
Endings,
80%
eyes,
80%
fairytale,
80%
forgiveness,
80%
girl
80%
Got
80%
had
80%
Had
80%
happy
80%
have
80%
hollywood
80%
is
80%
knees,
80%
know
80%
know.
80%
Lead
80%
lost
80%
many
80%
Maybe
80%
might
80%
mirror
80%
mistake
80%
off
80%
Oh
80%
oh
80%
one
80%
out
80%
pace
80%
really
80%
there
80%
There
80%
time
80%
treat
80%
up
80%
wanted,
80%
well,
80%
world,
80%
back
60%
feet,
60%
forth
60%
hand.
60%
her
60%
known,
60%
known.
60%
rear
60%
stupid
60%
sweep
60%
Try
60%
upper
60%
view
60%
woah
60%
you'll
60%
fight
40%
Holdin'
40%
shoulda
40%
cuz'
20%
Cuz'
20%
No matching quizzes found
Score Distribution
Percent of People with Each Score
Percentile by Number Answered
Your Score History
You have not taken this quiz